Derecho penal, sociedad y nuevas tecnologías
Uloženo v:
| Hlavní autoři: | , , |
|---|---|
| Médium: | Kniha |
| Jazyk: | španělština |
| Vydáno: |
Madrid
Constitución y Leyes
2001
|
| Témata: | |
| Tagy: |
Přidat tag
Žádné tagy, Buďte první, kdo vytvoří štítek k tomuto záznamu!
|
MARC
| LEADER | 00000nam a2200000 a 4500 | ||
|---|---|---|---|
| 001 | UCL9259 | ||
| 003 | CL-VaPUC | ||
| 005 | 20230303074142.0 | ||
| 008 | 040730e20010000sp 1 spa d | ||
| 020 | |a 8478796444 | ||
| 082 | 0 | 4 | |a 345.02 |b ZUÑ |2 21 |
| 100 | 1 | |a Zúñiga Rodríguez, Laura |e author |9 620612 | |
| 700 | 1 | |a Méndez Rodríguez, Cristina |e author |9 620613 | |
| 700 | 1 | |a Diego Díaz-Santos, María Rosario |e author |9 620614 | |
| 245 | 1 | 0 | |a Derecho penal, sociedad y nuevas tecnologías |
| 260 | |a Madrid |b Constitución y Leyes |c 2001 | ||
| 300 | |a 207 p | ||
| 583 | |a last modification |c 20040730 00:00:00 |k Rodrigo Vera | ||
| 650 | 0 | 7 | |a DERECHO PENAL |2 CL-VaPUC |9 11 |
| 650 | 0 | 0 | |a Delitos informáticos |9 371882 |
| 650 | 0 | 7 | |a DELINCUENCIA JUV |9 606541ENIL |2 CL-VaPUC |
| 650 | 0 | 0 | |a Jurisprudencia |9 255952 |
| 650 | 0 | 0 | |a Terrorismo |9 255070 |
| 650 | 0 | 0 | |a Cambio social |9 256857 |
| 650 | 0 | 7 | |a DERECHOS DE AUTOR |2 CL-VaPUC |9 255076 |
| 650 | 0 | 7 | |a GENOMA HUMANO |2 CL-VaPUC |9 467807 |
| 650 | 0 | 0 | |a Derecho comparado |9 255664 |
| 942 | |c BK | ||
| 945 | |a cmena |d 20040730 00:00:00 | ||
| 546 | |a En Español | ||
| 536 | |a Universidad de Salamanca | ||
| 518 | |p Congreso de Alumnos de Derecho Penal, 13, Salamanca, 26 al 28 de abril de 2000 | ||
| 999 | |c 384059 |d 384057 | ||
| 952 | |0 0 |1 0 |4 0 |6 345_020000000000000_ZUÑ_2001 |7 0 |8 A |9 506482 |a BIBDER |b BIBDER |d 2020-01-23 |i 4041666 |o 345.02 ZUÑ 2001 |p 4041666 |r 2020-01-23 |w 2020-01-23 |y BK |k DER | ||